000 00722nam a2200205Ii 4500
003 JO-AjNU
008 230605s9999||||xx |||||||||||||| ||und||
017 _a2001/1953
040 _aJO-AjNU
_bara
_erda
_cJO-AjNU
041 _aara
050 1 4 _aPJ7545.A2864 2001
100 3 _aأبو علي، نبيل خالد ,
_eauthor
_936653
245 0 0 _aشاعرات الاسلام الأول دراسة نقدية
264 3 1 _aالقاهرة: دار الحرم للتراث، 2001
300 _a278ص
336 _atext
_btxt
_2rdacontent
337 _aunmediated
_bn
_2rdamedia
338 _avolume
_bnc
_2rdacarrier
650 4 _aالشعر العربي-تراجم-شاعرات العصر الاسلامي الاول
_936654
999 _aA15247
_c18815
_d18815